000 01158cab a2200241 4500
001 ABS48951
008 090401t1993 xxu||||| |||| 00| 0 eng d
035 _a(Sirsi) u69225
041 _aeng
100 _aDeans, M.E.
245 _aPurchase notice - compensation claim excessive.
260 _c1993
350 _a0
490 _aScottish Planning and Environmental Law
_v(39) June 1993, 55-57(3)
520 _a"Northern Metco Estates Ltd v Perth and Kinross DC" LTS 2 September 1992 concerned compensation payable for land deemed to have been compulsorily acquired in terms of a successful purchase notice served under the 1972 Act. The decision provides valuable guidance on acceptability of certain methods of valuation and the effect of a certificate of appropriate alternative development.
650 _aCompulsory purchase
_96228
650 _aNORTHERN METCO ESTATES LTD V PERTH AND KINROSS DC
650 _aTOWN AND COUNTRY PLANNING (SCOTLAND) ACT 1972 S175
650 _aValuation
_96273
690 _aENVIRONMENTAL AND LAND CONSULTANCY-PLANNING AND DEVELOPMENT-COMPULSORY PURCHASE AND COMPENSATION
942 _n0
948 _c04/03/1997
999 _c43482
_d43482